| 000 | 00551nam a2200193Ia 4500 | ||
|---|---|---|---|
| 005 | 20250326142459.0 | ||
| 008 | 250326s9999 xx 000 0 und d | ||
| 020 | _a81-7100-783-X | ||
| 037 | _aTextbook | ||
| 040 |
_aFMSL _beng _cFMSL |
||
| 041 |
_aeng _2eng |
||
| 084 |
_aX9W N7 _qFMSL |
||
| 100 |
_aSaini Jasmer S _9746117 |
||
| 245 | 0 |
_aEnterpreneurship development : Prog & Practices _cSaini Jasmer S |
|
| 260 |
_aNew Delhi _bNew Delhi, Deep & Deep _c1997 |
||
| 300 | _axv,410 | ||
| 942 |
_cTB _hX9W N7 |
||
| 999 |
_c1295230 _d1295230 |
||